| 000 | 00876nam a22002537a 4500 | ||
|---|---|---|---|
| 003 | UA-OsUOA | ||
| 001 | 124010 | ||
| 007 | ta | ||
| 008 | 20170720b un ||||| |||| 00| 0 ukr d | ||
| 100 | _aФилимонов В. Д. | ||
| 700 | _aФилимонов О. В. | ||
| 090 |
_a340:343(470+571) _bФ53 |
||
| 942 | _cBK | ||
| 040 |
_aUA-OsUOA _brus _cUA-OsUOA _dUA-OsUOA |
||
| 245 | _aПравоотношения . Уголовные правоотношения. Уголовно-исполнительные правоотношения | ||
| 300 | _a335 с. | ||
| 955 | _a1 | ||
| 041 | _arus | ||
| 080 | _a340:343(470+571) | ||
| 020 | _a5-9587-0012-Х | ||
| 260 |
_aМ. _bЮрИнфоР-Пресс _c2007 |
||
| 650 | 7 |
_a340 Право в цілому. Пропедевтика. Методи та допоміжні правничі науки _2UDC |
|
| 999 |
_c411215 _d411215 |
||